000 00566nam a2200205 i 4500
001 134243
003 ES-MaACL
005 20250809063520.0
007 t|
008 070907s1993 mx ||||1| spa d
020 _a968-16 4239-2
080 _a930
100 1 _aPaz, Octavio,
_d1914-1998
_989753
245 1 0 _aItinerario /
_cOctavio Paz.
260 _aMéxico D. F :
_bFondo de Cultura Económica,
_c[1993]
300 _a274 p. ;
_c21 cm.
650 1 7 _aHistoria
_2embne
_9179933
852 _aES-MaACL
_jC-20428
_bR.142597
999 _c134243
_d134243